|
|
|
|
| LEADER |
00000nab a2200000ua 4500 |
| 001 |
vtls010741833 |
| 003 |
SK-MaSNL |
| 005 |
20260304202250.0 |
| 008 |
250718s19261927xo |||||||||||||||||slo| |
| 035 |
|
|
|a (urnnbn)urn:nbn:sk:snk:ar-a034jm
|
| 035 |
|
|
|a (uuid)ea460e15-fe83-408c-a8bb-5909d11ee3d6
|
| 035 |
|
|
|a urn:nbn:sk:snk-ab5371
|
| 040 |
|
|
|a SNKBUCL
|b slo
|c SNKBUCL
|e AACR2
|
| 041 |
0 |
|
|a cze
|
| 044 |
|
|
|a xo
|c SK
|
| 100 |
1 |
|
|a Šácha, Antonín, 1893-1934
|4 aut
|9 237097
|
| 245 |
1 |
0 |
|a Thérapeutique chirurgicale ophtalmologique par Duverger et Velter
|c Šácha
|
| 773 |
0 |
|
|t Bratislavské lekárske listy
|g Roč. 6, č. 2 (1926-1927), s. 111-112
|
| 850 |
|
|
|a Slovenská národná knižnica
|
| 852 |
|
|
|a Slovenská národná knižnica
|
| 954 |
|
|
|a odborná, vedecká literatúra cudzojazyčná (svetová)
|2 lita
|
| 958 |
|
|
|a article3
|
| 958 |
|
|
|a ONDV
|
| 999 |
|
|
|c 3101821
|d 3103751
|